000 00351nam a2200145Ia 4500
008 150201s2012 xx 000 0 und d
082 _a616.01
_bM12A
100 _aARORA, D.R.
245 _aMICROBIOLOGY FOR NURSING & ALLIED SCIENCE
250 _a2ND
260 _bCBS
_aDELHI
_c2012
300 _a294
650 _aMICROBIOLOGY
942 _2ddc
_cBK
_039
999 _c2264
_d2264